Bribe trafficking in Haryana: Causes and possible solutions (Record no. 533093)

000 -LEADER
fixed length control field 01721nam a22001457a 4500
008 - FIXED-LENGTH DATA ELEMENTS--GENERAL INFORMATION
fixed length control field 260423b ||||| |||| 00| 0 eng d
100 ## - MAIN ENTRY--PERSONAL NAME
Personal name Panwar, Manju and Dabas, Preeti
245 ## - TITLE STATEMENT
Title Bribe trafficking in Haryana: Causes and possible solutions
260 ## - PUBLICATION, DISTRIBUTION, ETC. (IMPRINT)
Place of publication, distribution, etc Madhya Pradesh Journal of Social Sciences
300 ## - PHYSICAL DESCRIPTION
Extent 29(2), Dec, 2024: p.98-108
520 ## - SUMMARY, ETC.
Summary, etc Bride trafficking is a very old vice in society. It is considered a crime against humankind because it not only violates the rights of the victims but their self-respect and freedom are also put in danger. Bride trafficking is so much deep-rooted in society that it is challenging to figure out the number of women who are in this trap. Poverty, female infanticide, illiteracy, dowry, desire for a male child, and no division of land are some of the major factors responsible for bride trafficking. Against this
background, the authors in this paper highlight the meaning of bride trafficking and examine its reasons and possible solutions to arrest this problem in our society. In order to understand this problem in totality, authors interacted with the purchased brides of the adopted villages of B P S Women’s University, the first state women's university in North India. In
addition to this, focused group discussions were also conducted with the Sarpanches and other main stakeholders of the villages to find out thepossible solutions to curb this problem in our society.-Reproduced


https://mpissr.org/wp-content/uploads/2025/05/MPJSS-292-December-2024.pdf
650 ## - SUBJECT ADDED ENTRY--TOPICAL TERM
Topical term or geographic name as entry element Bride buying, Trafficking for marriage, Female feticide, Poverty and unemployment.
9 (RLIN) 60185
773 ## - HOST ITEM ENTRY
Main entry heading Madhya Pradesh Journal of Social Sciences
942 ## - ADDED ENTRY ELEMENTS (KOHA)
Item type Articles
Holdings
Withdrawn status Lost status Source of classification or shelving scheme Damaged status Not for loan Permanent location Current location Date acquired Serial Enumeration / chronology Barcode Date last seen Koha item type
          Indian Institute of Public Administration Indian Institute of Public Administration 2026-04-23 29(2), Dec, 2024: p.98-108 AR138604 2026-04-23 Articles

Powered by Koha